000 00328nam a2200145Ia 4500
005 20251222153612.0
008 251222s9999||||xx |||||||||||||| ||spa||
020 _a8423414477
082 _a332.63/A52
100 _aAmat, Oriol
245 0 _aLa Bolsa:
250 _a4a. ed.
264 _bEdiciones Deusto, S.A.
942 _cLIB
999 _c31655
_d31655